000 00327nam a2200109Ia 4500
008 220204s9999 xx 000 0 und d
082 _a336.74(5)
_bHEN
100 _aHenderson, Callum
245 0 _aAsia falling ? Making sense of the Asian currency crisis and its aftermath
260 _aSingapore
_bMcGra-Hill
_c1998
942 _cBK
999 _c41674
_d41674